000
00256 a2200121 4500
001
12065
082
_a
621.36722GON
090
_c
9313
_d
9313
100
_a
Gonzalez,C.R
245
_a
Digital Image Processing, 2/e
250
_a
2
260
_b
Pearson
942
_a
NUST-CAE
_k
621.36722GON
999
_c
247138
_d
247138